Tutte le Capitali del Mondo - Quiz Finale Difficilissimo! - Statistics

Statistiche generali
  • Questo quiz è stato fatto 341 volte
    92 dall'ultimo reset
  • Il punteggio medio è 121 su 309
Statistiche sulle risposte
Nazione Capitale % Corretto
Algeria Algeri
95%
Albania Tirana
95%
Austria Vienna
93%
Brasile Brasilia
91%
Belgio Bruxelles
91%
Australia Canberra
91%
Bielorussia Minsk
88%
Grecia Atene
86%
Germania Berlino
86%
Argentina Buenos Aires
86%
Francia Parigi
86%
Bulgaria Sofia
86%
Andorra Andorra La Vella
84%
Finlandia Helsinki
84%
Afghanistan Kabul
84%
Norvegia Oslo
84%
Canada Ottawa
84%
Cina Pechino
84%
Italia Roma
84%
Bosnia Erzegovina Sarajevo
84%
Giappone Tokyo
84%
Irlanda Dublino
81%
Regno Unito Londra
81%
Arabia Saudita Riad
81%
Cile Santiago
81%
Corea del Sud Seul
81%
Polonia Varsavia
81%
Croazia Zagabria
81%
Paesi Bassi (Olanda) Amsterdam
79%
Danimarca Copenaghen
79%
Israele Gerusalemme
79%
Egitto Il Cairo
79%
Cuba L'Avana
79%
Principato di Monaco Monaco
79%
Russia Mosca
79%
India Nuova Delhi
79%
Perù Lima
77%
Portogallo Lisbona
77%
Filippine Manila
77%
San Marino San Marino
77%
Iran Teheran
77%
Romania Bucarest
74%
Messico Città del Messico
74%
Bangladesh Dacca
74%
Spagna Madrid
74%
Cipro Nicosia
74%
Islanda Reykjavik
74%
Colombia Bogota
72%
Ucraina Kiev
72%
Bolivia La Paz \ Sucre
72%
Malta La Valletta
72%
Lussemburgo Lussemburgo
72%
Panama Panama
72%
Repubblica Ceca Praga
72%
Stati Uniti Washington D.C.
72%
Azerbaigian Baku
70%
Svizzera Berna
70%
Vaticano Città del Vaticano
70%
Kenya Nairobi
70%
Lettonia Riga
70%
Singapore Singapore
70%
Tunisia Tunisi
70%
Emirati Arabi Uniti Abu Dhabi
67%
Irlanda del Nord Belfast
67%
Serbia Belgrado
67%
Kosovo Pristina
67%
Macedonia del Nord Skopje
67%
Svezia Stoccolma
67%
Nuova Zelanda Wellington
67%
Galles Cardiff
65%
Sudafrica Città del Capo \ Pretoria \ Bloemfontein
65%
Indonesia Giacarta
65%
Giamaica Kingston
65%
Kuwait Kuwait
65%
Slovenia Lubiana
65%
Montenegro Podgorica
65%
Ecuador Quito
65%
Marocco Rabat
65%
El Salvador San Salvador
65%
Georgia Tbilisi
65%
Liechtenstein Vaduz
65%
Turchia Ankara
63%
Paraguay Asuncion
63%
Iraq Bagdad
63%
Catalogna Barcellona
63%
Libano Beirut
63%
Slovacchia Bratislava
63%
Siria Damasco
63%
Qatar Doha
63%
Hong Kong Hong Kong
63%
Corea del Nord Pyongyang
63%
Lituania Vilnius
63%
Giordania Amman
60%
Ungheria Budapest
60%
Moldavia Chisinau
60%
Armenia Erevan
60%
Gibilterra Gibilterra
60%
Uruguay Montevideo
60%
Estonia Tallinn
60%
Libia Tripoli
60%
Ghana Accra
58%
Guatemala Città del Guatemala
58%
Scozia Edimburgo
58%
Repubblica Dominicana Santo Domingo
58%
Tailandia Bangkok
56%
Guinea Bissau Bissau
56%
Venezuela Caracas
56%
Pakistan Islamabad
56%
Etiopia Addis Abeba
53%
Madagascar Antananarivo
53%
Impero Ottomano(1453-1923 ca.) Costantinopoli
53%
Senegal Dakar
53%
Angola Luanda
53%
Bahamas Nassau
53%
Mongolia Ulan Bator
53%
Gibuti Gibuti
51%
Nepal Kathmandu
51%
Kazakistan Nursultan
51%
Camerun Yaounde
51%
Vietnam Hanoi
49%
Nicaragua Managua
49%
Oman Mascate
49%
Impero Russo(1712-1918 ca.) Pietrogrado \ San Pietroburgo
49%
Costa Rica San Jose
49%
Nigeria Abuja
47%
Maldive Malè
47%
Bahrain Manama
47%
Haiti Port au Prince
47%
Taiwan Taipei
47%
Laos Vientiane
47%
Eritrea Asmara
44%
Malesia Kuala Lumpur
42%
Repubblica del Congo Brazzaville
40%
Stato libero di Fiume(1920-1924 ca.) Fiume
40%
Botswana Gaborone
40%
Repubblica dem. del Congo Kinshasa
40%
Somalia Mogadiscio
40%
Honduras Tegucigalpa
40%
Belize Belmopan
37%
Liberia Monrovia
37%
Suriname Paramaribo
37%
Bhutan Thimpu
37%
Seychelles Victoria
37%
Barbados Bridgetown
35%
Sierra Leone Freetown
35%
Guyana Georgetown
35%
Ciad N'Djamena
35%
Groenlandia Nuuk
35%
Figi Suva
35%
Texas Austin
33%
India Britannica(1772-1912 ca.) Calcutta
33%
Macao Macao
33%
Myanmar Naypyidaw
33%
Cambogia Phnom Penh
33%
Papua Nuova Guinea Port Moresby
33%
Capo Verde Praia
33%
Antigua e Barbuda Saint John's
33%
São Tomè e Prìncipe São Tomè
33%
Costa d'Avorio Yamoussoukro
33%
Samoa Apia
30%
Guinea Conakry
30%
Timor Est Dili
30%
Burundi Gitega
30%
Gabon Libreville
30%
Mozambico Maputo
30%
Burkina Faso Ouagadougou
30%
Dominica Roseau
30%
Namibia Windhoek
30%
Kirghizistan Bishkek
28%
Saint Lucia Castries
28%
Guinea Equatoriale Malabo
28%
Niger Niamey
28%
Trinidad e Tobago Port of Spain
28%
Benin Porto Novo
28%
Brunei Bandar Seri Begawan
26%
Saint Kitts e Nevis Basseterre
26%
Zimbabwe Harare
26%
Uganda Kampala
26%
Sudan Khartum
26%
Togo Lomè
26%
Zambia Lusaka
26%
eSwatini Mbabane
26%
California Sacramento
26%
Porto Rico San Juan
26%
Uzbekistan Tashkent
26%
Turkmenistan Ashgabat
23%
Mali Bamako
23%
Gambia Banjul
23%
Colorado Denver
23%
Tanzania Dodoma
23%
Tagikistan Dušanbe
23%
Hawaii Honolulu
23%
Saint Vincent e Grenadine Kingstown
23%
Malawi Lilongwe
23%
Lesotho Maseru
23%
Arizona Phoenix
23%
Sri Lanka Sri Jayawardenapura Kotte
23%
Nauru Yaren
23%
Repubblica Centrale Africana Bangui
21%
Massachusetts Boston
21%
Tuvalu Funafuti
21%
Palestina Gerusalemme Est
21%
Sudan del Sud Giuba
21%
Ruanda Kigali
21%
Comore Moroni
21%
Mauritius Port Louis
21%
Yemen Sana'a
21%
New York Albany
19%
Isole Salomone Honiara
19%
Regione autonomadel Tibet Lhasa
19%
Isola Marshall Majuro
19%
Marocco (1554-1659 ca.) Marrakech
19%
Palau Ngerulmud
19%
Micronesia Palikir
19%
Vanuatu Port Vila
19%
Grenada Saint George's
19%
Isola di Man Douglas
16%
Mauritania Nouakchott
16%
Oklahoma Oklahoma City
16%
Oregon Salem
16%
Fær Øer Torshavn
16%
Niue Alofi
14%
Georgia Atlanta
14%
Guyana Francese Caienna
14%
Montana Helena
14%
Indiana Indianapolis
14%
Åland Mariehamn
14%
Tonga Nuku'alofa
14%
Polinesia Francese Papeete
14%
Kiribati Tarawa Sud
14%
Guadalupa Basse-Terre
12%
Louisiana Baton Rouge
12%
Isole Cayman George Town
12%
Aruba Oranjestad
12%
Samoa Americane Pago Pago
12%
Utah Salt Lake City
12%
Abcasia Sukhumi
12%
Transnistria Tiraspol
12%
Curacao Willemstad
12%
Isole Pitcairn Adamstown
9%
Isole Cook Avarua
9%
Dakota del Nord Bismarck
9%
Idaho Boise
9%
Nevada Carson City
9%
Virginia Occ. Charleston
9%
Isole Vergini Americane Charlotte Amalie
9%
Carolina del Sud Columbia
9%
Ohio Columbus
9%
Iowa Des Moines
9%
Mississippi Jackson
9%
Alaska Juneau
9%
Bonaire Kralendijk
9%
Michigan Lansing
9%
Cipro del Nord Lefkosa \ Nicosia Nord
9%
Wisconsin Madison
9%
Alabama Montgomery
9%
Vermont Montpelier
9%
Tennessee Nashville
9%
Washington Olympia
9%
Dakota del Sud Pierre
9%
Montserrat Plymouth
9%
Carolina del Nord Raleigh
9%
Virginia Richmond
9%
Isole Vergini Britanniche Road Town
9%
Minnesota Saint Paul
9%
Saint-Pierre e Miquelon Saint Pierre
9%
New Mexico Santa Fe
9%
Illinois Springfield
9%
Florida Tallahassee
9%
Anguilla The Valley
9%
Kansas Topeka
9%
New Jersey Trenton
9%
Maryland Annapolis
7%
Maine Augusta
7%
Wyoming Cheyenne
7%
Turks e Caicos Cockburn Town
7%
New Hampshire Concord
7%
Repubblica Democratica Araba dei Sahrawi \ Sahara Occidentale El Aaiun
7%
Isola di Natale Flying Fish Cove \ The Settlement
7%
Kentucky Frankfort
7%
Guam Hagatna
7%
Pennsylvania Harrisburg
7%
Sant'Elena Jamestown
7%
Missouri Jefferson City
7%
Nebraska Lincoln
7%
Arkansas Little Rock
7%
Wallis e Futuna Mata Utu
7%
Nuova Caledonia Numea
7%
Rhode Island Providence
7%
Baliato di Jersey Saint Helier
7%
Baliato di Guernsey Saint Peter Port
7%
Isole Marianne Settentr. Saipan
7%
Isole Falkland Stanley
7%
Delaware Dover
5%
Isola di Ascensione Georgetown
5%
Connecticut Hartford
5%
Isola Norfolk Kingston
5%
Mayotte Mamoudzou
5%
Sint Maarten Philipsburg
5%
La Rèunion Saint-Denis
5%
Regione autonomadi Bougainville Buka
2%
Martinica Fort de France
2%
Isola di Pasqua Hanga Roa
2%
Repubblica di Crimea Sinferopoli
2%
Repubblica dell'Artsakh Step'anakert
2%
Saba The Bottom
2%
Ossezia del Sud Tskhinvali
2%
Isola Margarita La Asuncion
0%
Valacchia (1396-1698 ca.) Târgoviște
0%
Nessun quiz corrispondente trovato
Distribuzione punteggi
Percentuale di utenti per punteggio
Percentile per numero di risposta
I tuoi punteggi nel tempo
Non hai fatto questo quiz dall'ultimo reset